000 00384nam a2200157Ia 4500
008 230711s9999||||xx |||||||||||||| ||und||
041 _aENG
082 _a628
_bJO-E
100 _aJoseph,Benny
245 0 _aEnvironmental science
250 _a1st Ed.
260 _c2005
_aNew Delhi
_bTata McGraw Hill Education Limited
300 _a343
650 _aCivil Engineering
942 _cBK
999 _c4800
_d4800